01625cam a22003977a 4500003000500000005001700005008004100022010000900063011000900072035000900081040000900090090001000099100004700109245014800156260004000304300002200344502006600366590003700432590004100469590004100510590004100551590004100592590004100633590004200674650003800716650003800754650004400792650002100836901000700857942000900864949004100873949004600914999001500960952012500975952012701100CHAP20220329133005.0971013s1990 r 00010 d a1000 a1972 a1157 cCHAP aTesis00aSangines García, José Roberto.9102206 0aEfecto del implante de zeranol y la suplementación con sal común o mineralizada en el crecimiento compensatorio y balance mineral en ovinos aChapingo, Méx. :bEl autor,c1990 a140 h.b: cuadros aTesis (M.C. Esp. en Ganadería) -- CP. Centro de Ganadería aALEPHb10c20130110lUCH01h1207 aBATCH-UPDb10c20130110lUCH01h0159 aBATCH-UPDb10c20130110lUCH01h1443 aBATCH-UPDb10c20130409lUCH01h2205 aBATCH-UPDb10c20130410lUCH01h0914 aBATCH-UPDb10c20130914lUCH01h1514 aCONVERSIONb10c20130109lUCH01h130214aGanado lanarxCrecimiento.94516614aGanado lanarxNutrición.94520514aMinerales en nutrición animal.97593714aZeranol.9123955 aBK cFOLL bBCcTESd-10621eTS1h23330i1157si bBCcTESd-70387eTS2fc.2h23330i1157si c1000d1000 00102local4053708TESISaBCbBCcPA_TESISd2019-12-31fTESISl0p-70387r2019-12-31 00:00:00tc.2w2019-12-31yTESIS 00102local4051708TESISaBCbBCcPA_TESISd2019-12-31fTESISl0oTesisp-10621r2019-12-31 00:00:00w2019-12-31yTESIS